000 01301nam a2200313 i 4500
001 000008222
003 DO-SdBNP
005 20231009111405.0
007 ta
008 090915s1987 dr acd 000 0 spa d
040 _aDO-SdBNP
_bspa
_cBNPHU
_erda
049 _aBNPD
082 4 _a658.001
_bJ828c
_222
111 1 _aJornada de Ciencias Administrativas
_cSanto Domingo, República Dominicana
_n(1:1985 octubre. 18-19)
_922288
245 1 0 _aPrimera jornada de ciencias administrativas :
_btema general, Teorías y estilos de administración : aplicación en la Republica Dominicana /.
264 _aSanto Domingo :
_bAcademia de Ciencias de la República Dominicana : Comisión de Ciencias Administrativas,
_c1987.
300 _a227 páginas :
_bilustraciones, retratos., diagramas ;
_c21 cm.
336 _2rdacontent
_atexto
_btxt
337 _2rdamedia
_asin mediación
_bn
338 _2rdacarrier
_avolumen
_bnc
490 1 _aciencias administrativas
_v1
500 _aIncluye referencias bibliográficas y notas al pie de las páginas
504 _aBibliografía : p. 29, 173
590 _aInventariado, 2023/BT
650 4 _aAdministración de empresas
_xCongresos, conferencias, etc.
_922289
740 0 _aTeorías y estilos de administración
910 _aBtavárez
942 _2ddc
_cLBS1
999 _c7993
_d7993